Click the Correct Project SEKAI Group - Statistics

General Stats
  • This quiz has been taken 74 times
  • The average score is 25 of 26
Answer Stats
Hint Answer % Correct
Minori Hanasato MORE MORE JUMP!
96%
Kanade Yoisaki Nightcord at 25:00
96%
Mizuki Akiyama Nightcord at 25:00
96%
Hatsune Miku VIRTUAL SINGER
96%
Toya Aoyagi Vivid BAD SQUAD
96%
Tsukasa Tenma Wonderlands×Showtime
96%
Emu Otori Wonderlands×Showtime
96%
Saki Tenma Leo/need
95%
Haruka Kiritani MORE MORE JUMP!
95%
Airi Momoi MORE MORE JUMP!
95%
Shizuku Hinomori MORE MORE JUMP!
95%
Mafuyu Asahina Nightcord at 25:00
95%
Ena Shinonome Nightcord at 25:00
95%
Kagamine Rin VIRTUAL SINGER
95%
Megurine Luka VIRTUAL SINGER
95%
MEIKO VIRTUAL SINGER
95%
KAITO VIRTUAL SINGER
95%
Akito Shinonome Vivid BAD SQUAD
95%
Nene Kusanagi Wonderlands×Showtime
95%
Rui Kamishiro Wonderlands×Showtime
95%
Ichika Hoshino Leo/need
93%
Kagamine Len VIRTUAL SINGER
93%
Kohane Azusawa Vivid BAD SQUAD
93%
An Shiraishi Vivid BAD SQUAD
93%
Honami Mochizuki Leo/need
91%
Shiho Hinomori Leo/need
91%
No matching quizzes found
Score Distribution
Percent of People with Each Score
Percentile by Number Answered
Your Score History
You have not taken this quiz